|
|
|
|
| LEADER |
00000cam a2200000 7i4500 |
| 001 |
0000279622 |
| 005 |
20210722115147.0 |
| 006 |
a ###e ### 000 0 |
| 007 |
t |
| 008 |
210722s2019 enk e 0000 eng # |
| 020 |
|
|
|a 9781509849147
|
| 040 |
|
|
|a MBPJ
|b eng
|c MBPJ
|e rda
|
| 090 |
0 |
0 |
|a 796.334092
|b BUR
|
| 100 |
1 |
|
|a Burns, Jimmy ,
|e author
|
| 245 |
1 |
0 |
|a CHRISTIANO AND LEO :
|b #whoisthegreatest
|c JIMMY BURNS
|
| 264 |
|
1 |
|a London :
|b Pan Books
|c 2019
|
| 264 |
|
4 |
|c ©2018
|
| 300 |
|
|
|a 400 pages ;
|c 20 cm.
|
| 336 |
|
|
|a text
|2 rdacontent
|
| 337 |
|
|
|a unmediated
|2 rdamedia
|
| 338 |
|
|
|a volume
|2 rdacarrier
|
| 504 |
|
|
|a Includes notes and index
|
| 600 |
1 |
0 |
|a Messi, Lionel ,
|d 1987-
|
| 600 |
1 |
0 |
|a Ronaldo, Cristiano ,
|d 1985-
|
| 650 |
|
0 |
|a Soccer players
|v Biography
|
| 999 |
|
|
|a 00386478
|b BUKU
|c PINJAMAN
|e PERPUSTAKAAN KOMUNITI PETALING JAYA
|